[Event "Ste Foy Tal"]
[Site "Ste Foy"]
[Date "2018.12.15"]
[Round "4"]
[White "Gingras, Philippe"]
[Black "Poliquin, Yvone"]
[Result "1/2-1/2"]
[WhiteElo "1927"]
[BlackElo "1892"]
[PlyCount "128"]
[EventDate "2018.11.24"]
[EventType "swiss"]
[EventRounds "4"]
[EventCountry "CAN"]
[SourceTitle "EXT 2022"]
[Source "ChessBase"]
[SourceDate "2021.10.06"]
[SourceVersion "1"]
[SourceVersionDate "2021.10.06"]
[SourceQuality "1"]

1. d4 d5 2. c4 e6 3. Nc3 c5 4. e3 Nf6 5. Nf3 Nc6 6. b3 cxd4 7. Nxd4 Bb4 8. Bb2 Ne4 9. Qc2 Nxd4 10. exd4 Qa5 11. Rc1 Qxa2 12. cxd5 Nxc3 13. Bxc3 Qxc2 14. Rxc2 Bxc3+ 15. Rxc3 exd5 16. Rc5 Be6 17. Bb5+ Ke7 18. Kd2 Rhc8 19. Rxc8 Rxc8 20. Ra1 a6 21. Bd3 g6 22. f4 Bd7 23. Ra5 Bc6 24. Be2 Kd6 25. Bf3 Bb5 26. Ra1 b6 27. Re1 Re8 28. Rxe8 Bxe8 29. b4 Bb5 30. Kc3 Bc4 31. Bd1 Bf1 32. g3 h5 33. Ba4 b5 34. Bc2 Bh3 35. Bd3 Ke6 36. Kd2 Bf5 37. Be2 Kd6 38. h4 Kc6 39. Kc3 Kb6 40. Kb3 Be4 41. Bf1 a5 42. Bh3 a4+ 43. Ka3 Kc7 44. Bf1 Kc6 45. Kb2 Bf5 46. Ka3 Bd7 47. Bg2 Kd6 48. Kb2 Bc6 49. Bh3 Ke7 50. Ka3 f6 51. Kb2 Kf7 52. Ka3 Kg7 53. Kb2 Kh6 54. Ka3 g5 55. Bf5 gxf4 56. gxf4 Be8 57. Be6 Kg6 58. f5+ Kg7 59. Bxd5 Bd7 60. Be4 Kf7 61. Kb2 Ke7 62. Kc3 Kd6 63. Bb1 Kd5 64. Ba2+ Kd6 1/2-1/2

[Event "Ste Foy Petrosian"]
[Site "Ste Foy"]
[Date "2018.04.28"]
[Round "4"]
[White "Desbiens, Raphael"]
[Black "Gingras, Philippe"]
[Result "0-1"]
[WhiteElo "2072"]
[BlackElo "1889"]
[PlyCount "114"]
[EventDate "2018.04.07"]
[EventType "swiss"]
[EventRounds "5"]
[EventCountry "CAN"]
[SourceTitle "EXT 2022"]
[Source "ChessBase"]
[SourceDate "2021.10.06"]
[SourceVersion "1"]
[SourceVersionDate "2021.10.06"]
[SourceQuality "1"]

1. e4 g6 2. d4 Bg7 3. Nc3 c6 4. Be3 d5 5. e5 f6 6. exf6 exf6 7. Bd3 Nh6 8. Nf3 Bg4 9. h3 Bxf3 10. Qxf3 0-0 11. 0-0-0 Nd7 12. Nxd5 cxd5 13. Qxd5+ Kh8 14. h4 Nb6 15. Qxb7 Rb8 16. Qa6 Nd5 17. c3 Qc7 18. Qc4 Qb7 19. Qb3 Qc6 20. Qc2 Nxe3 21. fxe3 Ng4 22. Qe2 f5 23. h5 Bh6 24. hxg6 Bxe3+ 25. Kb1 Qxg6 26. Rh4 Rbe8 27. Rdh1 h6 28. Rf1 Bf2 29. Rxg4 fxg4 30. Qd2 Re1+ 31. Kc2 Qf6 32. Rxe1 Bxe1 33. Qxe1 Qf2+ 34. Qd2 Qxd2+ 35. Kxd2 Rf2+ 36. Be2 Rxg2 37. c4 Kg8 38. c5 Kf8 39. b4 Ke7 40. d5 g3 41. d6+ Kd7 42. Ke3 Rf2 43. Bg4+ Kc6 44. Bf3+ Kd7 45. b5 Rc2 46. Bc6+ Kd8 47. a4 g2 48. Bxg2 Rxg2 49. a5 Ra2 50. b6 axb6 51. axb6 Kd7 52. Kd4 Kc6 53. Ke5 Re2+ 54. Kf6 h5 55. Kf5 h4 56. Kg4 Re4+ 57. Kh3 Rc4 0-1

[Event "Ste Foy Euwe"]
[Site "Ste Foy"]
[Date "2017.01.28"]
[Round "3"]
[White "Gingras, Philippe"]
[Black "Sauve, Richard"]
[Result "1/2-1/2"]
[WhiteElo "1808"]
[BlackElo "1895"]
[PlyCount "84"]
[EventDate "2017.01.14"]
[EventType "swiss"]
[EventRounds "5"]
[EventCountry "CAN"]
[SourceTitle "EXT 2022"]
[Source "ChessBase"]
[SourceDate "2021.10.06"]
[SourceVersion "1"]
[SourceVersionDate "2021.10.06"]
[SourceQuality "1"]

1. d4 e6 2. c4 d5 3. Nc3 c6 4. e4 dxe4 5. Nxe4 Bb4+ 6. Bd2 Qxd4 7. Bxb4 Qxe4+ 8. Be2 Na6 9. Ba3 Ne7 10. Nf3 f6 11. 0-0 Kf7 12. Re1 Qf4 13. g3 Qc7 14. Bd6 Qd7 15. c5 Nc7 16. Bc4 Ncd5 17. Nh4 g6 18. Qf3 Re8 19. Rad1 Kg7 20. a3 e5 21. Bxe7 Qxe7 22. Bxd5 cxd5 23. Qxd5 Be6 24. Qd6 Kf7 25. f3 Red8 26. Qxe7+ Kxe7 27. b4 Rxd1 28. Rxd1 Rd8 29. Rc1 Rd3 30. c6 bxc6 31. Rxc6 Rxa3 32. Rc7+ Bd7 33. Kf2 Kd6 34. Rb7 Ra2+ 35. Kg1 Bh3 36. Rxh7 g5 37. Ng6 Bf5 38. Rg7 Rb2 39. Nf8 Rxb4 40. Rxa7 Rb1+ 41. Kf2 Rb2+ 42. Kg1 Rb1+ 1/2-1/2

[Event "Quebec Montcalm op"]
[Site "Quebec"]
[Date "2017.01.08"]
[Round "5"]
[White "Dube, Daniel"]
[Black "Gingras, Philippe"]
[Result "1/2-1/2"]
[WhiteElo "1782"]
[BlackElo "1782"]
[PlyCount "89"]
[EventDate "2017.01.06"]
[EventType "swiss"]
[EventRounds "5"]
[EventCountry "CAN"]
[SourceTitle "EXT 2022"]
[Source "ChessBase"]
[SourceDate "2021.10.06"]
[SourceVersion "1"]
[SourceVersionDate "2021.10.06"]
[SourceQuality "1"]

1. e4 c6 2. d4 d5 3. Nc3 dxe4 4. Nxe4 Bf5 5. Ng3 Bg6 6. Bc4 e6 7. N1e2 Bd6 8. h4 h6 9. Nf4 Bxf4 10. Bxf4 Qa5+ 11. c3 Nf6 12. Qb3 Qb6 13. Qa3 Nbd7 14. 0-0 c5 15. dxc5 Qxc5 16. Qb3 0-0 17. Rad1 Nb6 18. Bd3 Bxd3 19. Rxd3 Nfd5 20. Bc1 Rac8 21. Rd4 Qc6 22. Qd1 a5 23. Nh5 f5 24. Nf4 Nxf4 25. Bxf4 Nd5 26. Be5 Qb5 27. Qb3 Qxb3 28. axb3 Rc6 29. c4 Nf6 30. Bxf6 Rxf6 31. Ra1 b6 32. Rad1 e5 33. Rd5 e4 34. Rd8+ Kh7 35. h5 f4 36. Re8 Rce6 37. Rdd8 Rxe8 38. Rxe8 f3 39. g3 Rd6 40. Rxe4 Rd1+ 41. Kh2 Rd2 42. Rf4 Rxf2+ 43. Kh3 Rxb2 44. Rxf3 g5 45. hxg6+ 1/2-1/2

[Event "Quebec Montcalm op"]
[Site "Quebec"]
[Date "2017.01.07"]
[Round "3"]
[White "Dorion, Francois"]
[Black "Gingras, Philippe"]
[Result "0-1"]
[WhiteElo "1559"]
[BlackElo "1782"]
[PlyCount "36"]
[EventDate "2017.01.06"]
[EventType "swiss"]
[EventRounds "5"]
[EventCountry "CAN"]
[SourceTitle "EXT 2022"]
[Source "ChessBase"]
[SourceDate "2021.10.06"]
[SourceVersion "1"]
[SourceVersionDate "2021.10.06"]
[SourceQuality "1"]

1. e4 c6 2. d4 d5 3. Nc3 dxe4 4. f3 Qb6 5. fxe4 e5 6. Nf3 Bg4 7. dxe5 Bc5 8. Bd3 Nd7 9. Bf4 Qxb2 10. Na4 Bb4+ 11. Kf2 Qa3 12. c3 Bxc3 13. Qc2 Bxa1 14. Rxa1 Ne7 15. Rb1 b5 16. Bxb5 cxb5 17. Rxb5 Nb6 18. Nxb6 axb6 0-1

[Event "Ste Foy Tal"]
[Site "Ste Foy"]
[Date "2016.12.10"]
[Round "4"]
[White "Lessard, Claude"]
[Black "Gingras, Philippe"]
[Result "1-0"]
[WhiteElo "2119"]
[BlackElo "1767"]
[PlyCount "107"]
[EventDate "2016.11.19"]
[EventType "tourn"]
[EventRounds "5"]
[EventCountry "CAN"]
[SourceTitle "EXT 2022"]
[Source "ChessBase"]
[SourceDate "2021.10.06"]
[SourceVersion "1"]
[SourceVersionDate "2021.10.06"]
[SourceQuality "1"]

1. d4 Nf6 2. Nf3 g6 3. g3 c5 4. dxc5 Na6 5. a3 Nxc5 6. Bg2 d5 7. c4 dxc4 8. Qxd8+ Kxd8 9. 0-0 Nb3 10. Rd1+ Ke8 11. Nd4 Nxa1 12. Nb5 Bd7 13. Nc7+ Kd8 14. Nxa8 Kc8 15. Bf4 Nh5 16. Be3 Bg7 17. Bxa7 Be6 18. Nc3 Bxc3 19. bxc3 Nb3 20. Nb6+ Kc7 21. Na4 Nf6 22. Nc5 Nxc5 23. Bxc5 Re8 24. a4 Nd7 25. Bb4 Nb8 26. Rb1 Nc6 27. Bc5 Ra8 28. Bb6+ Kc8 29. Bxc6 bxc6 30. a5 f5 31. f3 Bd5 32. Kf2 e5 33. f4 exf4 34. gxf4 Kd7 35. h4 c5 36. Rb5 Be4 37. Rxc5 Rc8 38. Rb5 Rc6 39. a6 Rc8 40. Bd4 Rg8 41. a7 h6 42. Rb8 Rc8 43. Ke3 h5 44. Be5 Bc6 45. Rb4 Be4 46. Bb8 Bh1 47. Kd4 Ba8 48. Rb6 Rc6 49. Rb4 Rc8 50. Rb5 Rc6 51. e3 Rc8 52. Rd5+ Ke6 53. Rd6+ Kf7 54. Rd7+ 1-0

[Event "Quebec Montcalm op 7 2015-16"]
[Site "Quebec"]
[Date "2016.05.05"]
[Round "2"]
[White "Gingras, Philippe"]
[Black "Le Huu, Pascal"]
[Result "1-0"]
[WhiteElo "1757"]
[BlackElo "1264"]
[PlyCount "39"]
[EventDate "2016.04.28"]
[EventType "swiss"]
[EventRounds "5"]
[EventCountry "CAN"]
[SourceTitle "EXT 2022"]
[Source "ChessBase"]
[SourceDate "2021.10.06"]
[SourceVersion "1"]
[SourceVersionDate "2021.10.06"]
[SourceQuality "1"]

1. d4 d5 2. Nf3 Nc6 3. Bf4 Bf5 4. c3 Nf6 5. e3 e6 6. Bb5 a6 7. Ba4 b5 8. Bc2 Bxc2 9. Qxc2 Bd6 10. Bg3 b4 11. Qa4 Qd7 12. Bxd6 Qxd6 13. Ne5 0-0 14. Qxc6 bxc3 15. Nxc3 Qb4 16. Nd3 Qe7 17. 0-0 Ng4 18. h3 Nf6 19. Rac1 Ne8 20. Qxa8 1-0

[Event "Quebec Montcalm op 6 2015-16"]
[Site "Quebec"]
[Date "2016.04.07"]
[Round "3"]
[White "Gingras, Philippe"]
[Black "Pare, Marc"]
[Result "1/2-1/2"]
[WhiteElo "1782"]
[BlackElo "1807"]
[PlyCount "122"]
[EventDate "2016.03.24"]
[EventType "swiss"]
[EventRounds "5"]
[EventCountry "CAN"]
[SourceTitle "EXT 2022"]
[Source "ChessBase"]
[SourceDate "2021.10.06"]
[SourceVersion "1"]
[SourceVersionDate "2021.10.06"]
[SourceQuality "1"]

1. d4 Nf6 2. Bg5 d5 3. Bxf6 exf6 4. e3 Bd6 5. c4 dxc4 6. Bxc4 0-0 7. Nc3 c6 8. Nf3 Bg4 9. h3 Bh5 10. 0-0 Nd7 11. Bd3 Re8 12. Rc1 Nf8 13. Ne4 Bc7 14. Nc5 Rb8 15. a3 Qd6 16. Re1 Ne6 17. Ne4 Qd5 18. b4 a6 19. Nc5 Ng5 20. Be2 Qd6 21. h4 Nxf3+ 22. Bxf3 Qh2+ 23. Kf1 Qh1+ 24. Ke2 Bxf3+ 25. gxf3 Qxh4 26. Rh1 Qg5 27. Qd3 Qg6 28. Qd2 f5 29. Rcg1 Qd6 30. Qd3 Qd5 31. Rh5 Bb6 32. Rxf5 Qa2+ 33. Kf1 Bxc5 34. Rxc5 g6 35. Rc2 Qe6 36. Ke2 Rbd8 37. Rg4 f5 38. Rg2 Kg7 39. f4 Qf6 40. Kf1 Rd5 41. Rc5 Red8 42. Rg1 Qe6 43. Kg2 Rxc5 44. bxc5 Qd5+ 45. Kh2 Qxc5 46. Qb1 Qe7 47. Qxf5 Qh4+ 48. Qh3 Qxf2+ 49. Rg2 Qe1 50. Qe6 Qh4+ 51. Kg1 Qf6 52. Qe4 Rd5 53. Rb2 Rb5 54. Rxb5 axb5 55. Qe8 Qd6 56. Qc8 Qe7 57. Kf2 h5 58. Kf3 Kf6 59. Qh8+ Kf5 60. Qc8+ Kf6 61. Qh8+ Kf5 1/2-1/2

[Event "Quebec Montcalm op"]
[Site "Quebec"]
[Date "2016.01.08"]
[Round "1"]
[White "Cournoyer, Dominic"]
[Black "Gingras, Philippe"]
[Result "1-0"]
[WhiteElo "1994"]
[BlackElo "1772"]
[PlyCount "67"]
[EventDate "2016.01.08"]
[EventType "swiss"]
[EventRounds "5"]
[EventCountry "CAN"]
[SourceTitle "EXT 2022"]
[Source "ChessBase"]
[SourceDate "2021.10.06"]
[SourceVersion "1"]
[SourceVersionDate "2021.10.06"]
[SourceQuality "1"]

1. c4 Nf6 2. Nc3 c5 3. Nf3 b6 4. g3 Bb7 5. Bg2 e6 6. 0-0 Be7 7. e3 0-0 8. d4 cxd4 9. exd4 d6 10. b3 a6 11. Bb2 Qc7 12. Rc1 Nbd7 13. Ba3 Rac8 14. Re1 Rfe8 15. Bb2 Qb8 16. Qd3 Qa8 17. Re2 Nf8 18. Rce1 Ng6 19. Na4 Qa7 20. d5 e5 21. Nd2 b5 22. Nc3 bxc4 23. Nxc4 a5 24. Bh3 Rcd8 25. Nb5 Qc5 26. Nxa5 Ba6 27. a4 Bxb5 28. axb5 Qxd5 29. Qxd5 Nxd5 30. Bg2 Nb6 31. Nc6 Rc8 32. Bc3 Bf8 33. Ba5 Nd5 34. Bxd5 1-0

[Event "Montcalm VII 2014-15"]
[Site "Quebec"]
[Date "2015.05.28"]
[Round "5"]
[White "Gingras, Philippe"]
[Black "Auger, Bertrand"]
[Result "1-0"]
[WhiteElo "1654"]
[BlackElo "1998"]
[PlyCount "53"]
[EventDate "2015.04.30"]
[EventType "swiss"]
[EventRounds "5"]
[EventCountry "CAN"]
[SourceTitle "EXT 2019"]
[Source "ChessBase"]
[SourceDate "2018.10.10"]
[SourceVersion "1"]
[SourceVersionDate "2018.10.10"]
[SourceQuality "1"]

1. d4 Nf6 2. c4 e6 3. Nc3 Bb4 4. Qc2 0-0 5. Nf3 c5 6. dxc5 Bxc5 7. Bg5 Nc6 8. e3 Be7 9. a3 b6 10. Be2 Bb7 11. 0-0 Nh5 12. Bxe7 Qxe7 13. Rfd1 Rac8 14. Rd2 Nf6 15. Rad1 Rfd8 16. Rd6 Ne8 17. R6d2 d6 18. b4 Nf6 19. Qb3 Ba8 20. Nd4 Ne5 21. h3 d5 22. cxd5 Nxd5 23. Nxd5 Bxd5 24. Qb1 Nc4 25. Bxc4 Rxc4 26. e4 Bb7 27. Nf5 1-0